书目信息 |
| 题名: |
中国建筑四十年:建筑设计精选
|
|
| 作者: | 陈保胜 主编 | |
| 分册: | ||
| 出版信息: | 上海 同济大学出版社 1992.01 |
|
| 页数: | 301页 | |
| 开本: | 16开 | |
| 丛书名: | ||
| 单 册: | ||
| 中图分类: | ||
| 科图分类: | ||
| 主题词: | 建筑设计 | |
| 电子资源: | ||
| ISBN: | 7-5608-0848-4 | |
| 000 | 00609nam0 2200205 45 | |
| 001 | 9909141755 | |
| 005 | 19990914171316.9 | |
| 010 | @a7-5608-0848-4@d148.00元 | |
| 100 | @a19990914d1992 km y0chiy0120 ea | |
| 101 | @achi | |
| 105 | @a z 000yy | |
| 200 | 1 | @a中国建筑四十年:建筑设计精选@AZhong Guo Jian Zhu Si Shi Nian:Jian Zhu She Ji Jing Xuan@f陈保胜主编@FChen Bao Sheng Zhu Bian |
| 210 | @a上海@c同济大学出版社@d1992.01 | |
| 215 | @a301页@d16开 | |
| 606 | 0 | @a建筑设计 |
| 690 | @v3 | |
| 690 | @aTU206 | |
| 701 | @a陈保胜@4主编 | |
| 801 | @aCN@bPFTUser@c19990914 | |
| 905 | @f2@b40475-476@dTU206@eCH777 | |
| 中国建筑四十年:建筑设计精选/陈保胜主编.-上海:同济大学出版社,1992.01 |
| 301页;16开 |
| ISBN 7-5608-0848-4:148.00元 |
| ● |
| 相关链接 |
|
|
|
正题名:中国建筑四十年:建筑设计精选
索取号:TU206/CH777
 
预约/预借
| 序号 | 登录号 | 条形码 | 馆藏地/架位号 | 状态 | 备注 |
| 1 | 40475 | 200404758 | 建筑与城市规划学院资料室/404自科库 24排5列2层/ [索取号:TU206/CH777] | 在馆 | |
| 2 | 40476 | 200404767 | 自科二线404/404自科库 13排5列2层/ [索取号:TU206/CH777] | 在馆 |